000 00943nam a2200265 4500
001 VA40800
003 ES-SlBCS
005 20210601154104.0
008 140520s1992 sp ||||| |||| 00| 0 spa d
017 _aM-7350-1992
_bOficina Depósito Legal de Madrid
020 _a8420627003
040 _aES-SlBCS
_bspa
_erdc
041 _aspa
100 1 _aKepler, Johannes
_d, 1571-1650
_9182256
240 1 0 _aProdomus Dissertationum Cosmographicarum continens Mysterium Cosmographicum
_sEspañol
245 1 3 _aEl secreto del universo
_cJoannes Kepler ; traducción, introducción y notas de Eloy Rada García
260 _aMadrid :
_bAlianza
_c, 1992
300 _a281 p.;
_c20 cm
490 0 _aAU
_v700
504 _aBibliografía: p. 272-277
594 _aTítulo original: Prodomus Dissertationum Cosmographicarum continens Mysterium Cosmographicum
650 _aUniverso
_9100464
700 1 0 _aRada García, Eloy
_980164
942 _cBK
_2lcc
999 _c799949
_d799949